000 00797nam a2200253Ia 4500
003 OSt
005 20220928112643.0
006 a|||||r|||| 00| 0
007 ta
008 220927b |||||||| |||| 00| 0 hin d
020 _cINR 1000.00
024 _a142417
037 _b00046, 15/02/2020, Kiran Book Service
_cTextual
040 _aSDCL
_cSDCL
_bhin
041 _2hin
_ahin
082 _aP152:g, Q8
100 _aMaharudrapratapsingh V. Chauhan
_9429112
245 0 _aPrayojanmoolak Hindi ka saidhantik aur viavahrik swarup
260 _aNew Delhi
_bRawat Prakashan
_c2018
300 _av,121p.
_ccm.
650 _aHindi
_9391598
942 _hP152:g, Q8
_cTEXL
_2CC
999 _c745598
_d745598